Discrete mathematics / (Record no. 148607)

MARC details
000 -LEADER
fixed length control field 01184nam a2200325 a 4500
008 - FIXED-LENGTH DATA ELEMENTS--GENERAL INFORMATION
fixed length control field
020 ## - INTERNATIONAL STANDARD BOOK NUMBER
International Standard Book Number 0435516086 (pbk.)
049 ## - LOCAL HOLDINGS (OCLC)
Holding library MAIN
090 ## - LOCALLY ASSIGNED LC-TYPE CALL NUMBER (OCLC); LOCAL CALL NUMBER (RLIN)
Classification number (OCLC) (R) ; Classification number, CALL (RLIN) (NR) QA76.9.M35
Local cutter number (OCLC) ; Book number/undivided call number, CALL (RLIN) DIS
003 - CONTROL NUMBER IDENTIFIER
control field
005 - DATE AND TIME OF LATEST TRANSACTION
control field 20230123133434.0
040 ## - CATALOGING SOURCE
Transcribing agency NUST
245 00 - TITLE STATEMENT
Title Discrete mathematics /
Statement of responsibility, etc. writers David Burghes ... [et al.] ; editor Nigel Price ; assistant editors Ann Ault, Peter Gwilliam.
250 ## - EDITION STATEMENT
Edition statement 2nd ed.
260 ## - PUBLICATION, DISTRIBUTION, ETC.
Place of publication, distribution, etc. Oxford :
Name of publisher, distributor, etc. Heinemann Educational,
Date of publication, distribution, etc. 1994.
300 ## - PHYSICAL DESCRIPTION
Extent 285 p. :
Other physical details ill. ;
Dimensions 27 cm.
440 #0 - SERIES STATEMENT/ADDED ENTRY--TITLE
Title AEB mathematics for AS and A-Level.
500 ## - GENERAL NOTE
General note Previous ed.:1992.
504 ## - BIBLIOGRAPHY, ETC. NOTE
Bibliography, etc. note Includes bibliographical references.
500 ## - GENERAL NOTE
General note Includes index.
500 ## - GENERAL NOTE
General note At head of title: Centre for Innovation in Mathematics Teaching, University of Exeter.
650 #0 - SUBJECT ADDED ENTRY--TOPICAL TERM
Topical term or geographic name entry element Mathematics
General subdivision Study and teaching (Secondary)
Geographic subdivision Great Britain.
700 1# - ADDED ENTRY--PERSONAL NAME
Personal name Burghes, D. N.
Fuller form of name (David Noel)
700 1# - ADDED ENTRY--PERSONAL NAME
Personal name Price, Nigel.
700 1# - ADDED ENTRY--PERSONAL NAME
Personal name Ault, Ann.
700 1# - ADDED ENTRY--PERSONAL NAME
Personal name Gwilliam, Peter.
710 2# - ADDED ENTRY--CORPORATE NAME
Corporate name or jurisdiction name as entry element University of Exeter.
Subordinate unit Centre for Innovation in Mathematics Teaching.
907 ## - LOCAL DATA ELEMENT G, LDG (RLIN)
a .b10057080
b 26-04-12
c 17-04-03
942 ## - ADDED ENTRY ELEMENTS (KOHA)
Koha item type Ordinary Loan Books
Call number prefix QA76.9.M35
Call number suffix DIS
Holdings
Date last seen Total Checkouts Full call number Barcode Cost, replacement price Price effective from Koha item type Lost status Source of classification or shelving scheme Damaged status Not for loan Collection Withdrawn status Home library Current library Shelving location Date acquired Cost, normal purchase price
01/23/2023 18 QA76.9.M35 DIS 92003010431 80.00 01/23/2023 BOOKS   LCC     NFIC   MAIN MAIN GEN 01/23/2023 80.00